Efekty environmentálnych daní v ekonomike diplomová práca

Salvato in:
Dettagli Bibliografici
Autore principale: Bukovská, Petra
Ente Autore: Národohospodárska fakulta EU. Katedra financií
Altri autori: Kubicová, Jana, 1961-
Natura: Libro
Lingua:slovacco
Pubblicazione: Bratislava 2012
Tags: Aggiungi Tag
Nessun Tag, puoi essere il primo ad aggiungerne!!

MARC

LEADER 00000nbm a2200000 4500
001 0152143
005 20161109102014.4
041 0 |a slo 
044 |a SK 
245 1 0 |a Efekty environmentálnych daní v ekonomike  |b diplomová práca  |c Petra Bukovská ; školiteľ: Jana Kubicová 
264 1 |a Bratislava  |c 2012 
300 |a 78 s. 
100 1 |a Bukovská, Petra 
700 1 |a Kubicová, Jana, 1961- 
710 2 |a Národohospodárska fakulta EU. Katedra financií